000 00764nam a2200217Ii 4500
003 JO-AjNU
008 230605s9999||||xx |||||||||||||| ||und||
017 _a2011/6/2286
040 _aJO-AjNU
_bara
_erda
_cJO-AjNU
041 _aara
050 1 4 _aDF504.5. S22 2012
100 3 _aصبرة، عفاف سيد,
_eauthor
_960248
245 0 0 _aتاريخ الدولة البيزنطية=history of the Byzantine State
250 _aط1
264 3 1 _aعمان: دار المسيرة للنشر،2012
300 _a623ص
_bيحتوي على ملاحق ومراجع من ص585-622ص
336 _atext
_btxt
_2rdacontent
337 _aunmediated
_bn
_2rdamedia
338 _avolume
_bnc
_2rdacarrier
650 4 _aالدوله البيزنطية- تاريخ
_960249
999 _aA27157
_c30725
_d30725